Cinema and society : (Record no. 104753)

MARC details
000 -LEADER
fixed length control field 00690nam a22002057a 4500
005 - DATE AND TIME OF LATEST TRANSACTION
control field 20161124160201.0
010 ## - LCCN (DPL NO)
LC control number ENG-116642
020 ## - INTERNATIONAL STANDARD BOOK NUMBER
International Standard Book Number 9788184845334
Terms of availability 1280.00
035 ## - SYSTEM CONTROL NUMBER
System control number EN-100174
037 ## - SOURCE OF ACQUISITION
Source of stock number/acquisition DBAD/PUB
082 ## - DEWEY DECIMAL CLASSIFICATION NUMBER
Classification number 791.430954
100 ## - MAIN ENTRY--PERSONAL NAME
Personal name Gautam, Daya Nand
245 ## - TITLE STATEMENT
Title Cinema and society :
Statement of responsibility, etc edited by Daya Nand Gautam ; foreword by Balwant Kumar
Remainder of title its influence and importance in different spheres of human life /
260 ## - PUBLICATION, DISTRIBUTION, ETC. (IMPRINT)
Place of publication, distribution, etc New Delhi
Name of publisher, distributor, etc Regal Publications
Date of publication, distribution, etc 2016
270 ## - ADDRESS
Address F-159, Rajouri Garden
City New Delhi
Postal code 110041
300 ## - PHYSICAL DESCRIPTION
Extent x,287p.
Dimensions 22cm(Hb)
500 ## - GENERAL NOTE
General note Includes index
700 ## - ADDED ENTRY--PERSONAL NAME
Personal name Balwant Kumar
942 ## - ADDED ENTRY ELEMENTS (KOHA)
Source of classification or shelving scheme Dewey Decimal Classification
Item type English Books
Classification part 791.430954
Call number suffix GAU
Holdings
Withdrawn status Lost status Not for loan Collection code Home library Current library Date acquired Source of acquisition Cost, normal purchase price Full call number Barcode Copy number Cost, replacement price Koha item type
    Not For Loan Non-fiction D.B.Act.Division Bawana 24/11/2016 DBAD/PUB 1280.00 791.430954 GAU EN-100174 1 1280.00 English Books

© Delhi Public Library
Hit Counter
free hit counter